|
|
|
|
| LEADER |
00000cam a2200000 a 4500 |
| 001 |
UCE6596 |
| 003 |
CL-VaPUC |
| 008 |
150423e20090000sp |||||||||||||||||spa|d |
| 020 |
|
|
|a 9788492719105
|
| 082 |
0 |
4 |
|a 844
|b TRE
|2 21
|
| 245 |
1 |
0 |
|a Trébol de cuatro hojas: André Breton, Julien Gracq, Lise Deharme, Jean Tardieu
|
| 250 |
|
|
|a 1a. ed
|
| 300 |
|
|
|a 102 p
|
| 942 |
|
|
|c BK
|
| 945 |
|
|
|d 20150423 11:40:00
|a arojas
|
| 260 |
|
|
|a Madrid
|b Demipage
|c 2009
|
| 650 |
|
0 |
|a Ensayos franceses
|9 265511
|
| 650 |
|
0 |
|a Literatura francesa
|9 266330
|
| 583 |
|
|
|a last modification
|c 20150427 04:24:02
|k Rodrigo Vera
|
| 999 |
|
|
|c 358883
|d 358881
|
| 952 |
|
|
|0 0
|1 0
|3 erb
|4 0
|6 844_000000000000000_TRE_2009
|7 0
|8 A
|9 467827
|a BIBART
|b BIBART
|i 5146305
|o 844 TRE 2009
|p 5146305
|r 2025-03-13
|w 2019-11-23
|y BK
|z Catalogado en:20150423
|k ART
|